|
|
|
|
| LEADER |
00000cam a22000004a 4500 |
| 001 |
musev2_11037 |
| 003 |
MdBmJHUP |
| 005 |
20230905041239.0 |
| 006 |
m o d |
| 007 |
cr||||||||nn|n |
| 008 |
100913s2010 nyu o 00 0 eng d |
| 010 |
|
|
|z 2010037304
|
| 020 |
|
|
|a 9780815650676
|
| 020 |
|
|
|z 9780815609827
|
| 035 |
|
|
|a (OCoLC)746022228
|
| 040 |
|
|
|a MdBmJHUP
|c MdBmJHUP
|
| 043 |
|
|
|a n-us---
|
| 050 |
0 |
4 |
|a PS3603.H44557
|b L66 2010
|
| 082 |
0 |
|
|a 813/.6
|2 22
|
| 100 |
1 |
|
|a Chehade, Therese Soukar.
|
| 245 |
1 |
0 |
|a Loom :
|b A Novel /
|c Therese Soukar Chehade.
|
| 250 |
|
|
|a 1st ed.
|
| 264 |
|
1 |
|a Syracuse, N.Y. :
|b Syracuse University Press,
|c 2010.
|
| 264 |
|
3 |
|a Baltimore, Md. :
|b Project MUSE,
|c 2012
|
| 264 |
|
4 |
|c ©2010.
|
| 300 |
|
|
|a 1 online resource (168 pages).
|
| 336 |
|
|
|a text
|b txt
|2 rdacontent
|
| 337 |
|
|
|a computer
|b c
|2 rdamedia
|
| 338 |
|
|
|a online resource
|b cr
|2 rdacarrier
|
| 490 |
0 |
|
|a Arab American writing
|
| 588 |
|
|
|a Description based on print version record.
|
| 650 |
|
0 |
|a Neighbors
|v Fiction.
|
| 650 |
|
0 |
|a Immigrants
|z United States
|v Fiction.
|
| 650 |
|
0 |
|a Mothers and daughters
|v Fiction.
|
| 650 |
|
0 |
|a Lebanese American women
|v Fiction.
|
| 650 |
|
0 |
|a Lebanese Americans
|v Fiction.
|
| 655 |
|
7 |
|a Electronic books.
|2 local
|
| 710 |
2 |
|
|a Project Muse.
|e distributor
|
| 830 |
|
0 |
|a Book collections on Project MUSE.
|
| 856 |
4 |
0 |
|z Texto completo
|u https://projectmuse.uam.elogim.com/book/11037/
|
| 945 |
|
|
|a Project MUSE - Custom Collection
|
| 945 |
|
|
|a Project MUSE - 2010 Poetry, Fiction and Creative Non-Fiction
|
| 945 |
|
|
|a Project MUSE - 2010 Complete
|